000 00511nam a2200181Ia 4500
008 100920s9999 xx 000 0 und d
082 _b105186
_a--- न 08
100 _aगोडबोले अशोक.
245 _aशँकी.
260 _bनवल प्रकाशन पुणे-30.
_c2008
300 _a144
_bसाधी
365 _b150
520 _aकादंबरी.
630 _aशँकी.
650 _aकादंबरी.
730 _aशँकी.
942 _cBOOK
999 _c745617
_d745614